La historia del cero /

Signos numéricos de los pueblos primitivos (egipcios, romanos, indoarábigos). Riesce, Pascal y Leibnitz. Sistema binario y morse. Cerebros electrónicos. Scanner. Los robots.

Guardado en:
Autor Corporativo: Videoteca CEA.
Formato: Deslizar
Series:Si las matemáticas contaran
Materias:
Etiquetas: Agregar Etiqueta
Sin Etiquetas, Sea el primero en etiquetar este registro!
LEADER 00983ngm a22002775g 4500
001 CEM.cems021911
008 130507b1993##################0###0#####d
005 20240919163603.0
245 1 0 |a La historia del cero /  |c Videoteca CEA. 
300 |a 28'. 
490 0 |a Si las matemáticas contaran 
500 |a En soporte VHS, consultar en ventanilla. 
538 |a Soporte: VHS - Norma: Pal N - Color - Grabación DRD 1993 - Hitachi=0000 
520 |a Signos numéricos de los pueblos primitivos (egipcios, romanos, indoarábigos). Riesce, Pascal y Leibnitz. Sistema binario y morse. Cerebros electrónicos. Scanner. Los robots. 
110 2 |a Videoteca CEA. 
082 0 0 |. 6/MAT 
653 |a MATEMATICA 
653 |a CERO 
653 |a COMPUTACION 
653 |a SCANNER 
653 |a SISTEMA MORSE 
653 |a HISTORIA 
653 |a SISTEMA BINARIO 
653 |a ROBOTS 
653 |a NIVEL SECUNDARIO 
859 |a CEMS  |b BIB. CEMS - Depto. Recursos Didacticos  |h 001.6  |i MAT  |k DRD  |p 554.12  |t Ej.1